00322nam a2200145Ia 4500008004000000041000800040082001100048100002000059245002400079260003300103300000800136650000700144650001400151650001100165210210b1959 xxu||||| |||| 00| 0 eng d aeng a230/94 aKEMPIS (Thomas) aImitation of christ aLondonbBurns & oates,c1959 a217 aof aImitation achrist